10 Closest Capitals to London Quiz Stats

 Plays Quiz Updated Aug 16, 2018

Score 0/10 Timer 02:00
0 Plays Today
Capital % Correct
Paris, France
99%
Dublin, Ireland
94.5%
Berlin, Germany
91.2%
Amsterdam, Netherlands
89.3%
Brussels, Belgium
88.8%
Copenhagen, Denmark
77.5%
Luxembourg, Luxembourg
74.5%
Bern, Switzerland
69%
Vaduz, Liechtenstein
44.4%
Andorra la Vella, Andorra
33%

You're not logged in!

Compare scores with friends on all Sporcle quizzes.
OR
Log In

Sporcle TV

Today on Sporcle TV


Watch our educational content, quiz creation guides, and fun videos on Sporcle TV.

Show Comments

Extras

Top Quizzes Today


Score Distribution

Your Account Isn't Verified!

In order to create a playlist on Sporcle, you need to verify the email address you used during registration. Go to your Sporcle Settings to finish the process.

Report this User

Report this user for behavior that violates our Community Guidelines.

Details: